01259nam a22002777a 4500999001500000001000600015003000900021005001700030008004100047020001900088040003800107082002000145100002100165245016000186260003300346300004100379504005100420520027400471526000800745650002700753650003500780700002000815700001600835942001200851952011800863 c2391d239119037BD-DhUAP20210128163946.0190807t2018 enka|||| |||| 001 0 eng d a9788857212012  aBD-DhUAPbEngcBD-DhUAPdBD-DhUAP a712.092 POZ223 aPozzi, Patrizia. aPatrizia Pozzi contemporary landscape : bnuovi racconti e visioni : New tales and new visions /cPatrizia Pozzi ; edited by Luca Molinari and Viapiranesi. aNew York : bSkira, cc2011. a319 Pages :billustrations ;c21 cm. aIncludes bibliographical references and index. a20/20 Visions is an inspiring and visually stimulating introduction to the practice of participatory planning, featuring a set of 20 international case studies that illustrate the effectiveness of engaging communities and stakeholders in the participativedesign process aARC aLandscape architecture aLandscape architecturezItaly. aMolinari, Luca  aViapiranesi 2ddccBK 00102ddc4070aUAPCLbUAPCLcGeneral Stacksd2020-02-24o712.092 POZp3010019037r2020-02-24t1w2020-02-24yBK